Nine keys to effective small group leadership : (Record no. 10983)

MARC details
000 -LEADER
fixed length control field 00745nam a22002297a 4500
003 - CONTROL NUMBER IDENTIFIER
control field GBCCL
005 - DATE AND TIME OF LATEST TRANSACTION
control field 20251106141432.0
008 - FIXED-LENGTH DATA ELEMENTS--GENERAL INFORMATION
fixed length control field 251106b |||||||| |||| 00| 0 eng d
020 ## - INTERNATIONAL STANDARD BOOK NUMBER
International Standard Book Number 9781883906139
020 ## - INTERNATIONAL STANDARD BOOK NUMBER
International Standard Book Number 188390613X
040 ## - CATALOGING SOURCE
Transcribing agency GBC
082 ## - DEWEY DECIMAL CLASSIFICATION NUMBER
Classification number 253.7
Item number GEO 1
245 ## - TITLE STATEMENT
Title Nine keys to effective small group leadership :
Remainder of title how lay leaders can establish dynamic and healthy cells, classes, or teams /
Statement of responsibility, etc. Carl F. George, Warren Bird
260 ## - PUBLICATION, DISTRIBUTION, ETC.
Place of publication, distribution, etc. Mansfield, Penn. :
Name of publisher, distributor, etc. Kingdom Pub.,
Date of publication, distribution, etc. ©1997
300 ## - PHYSICAL DESCRIPTION
Extent xvi, 216 pages : illustrations ;
Other physical details 23 cm
650 ## - SUBJECT ADDED ENTRY--TOPICAL TERM
Topical term or geographic name entry element Church development, New
650 ## - SUBJECT ADDED ENTRY--TOPICAL TERM
Topical term or geographic name entry element Church group work
650 ## - SUBJECT ADDED ENTRY--TOPICAL TERM
Topical term or geographic name entry element Church growth
650 ## - SUBJECT ADDED ENTRY--TOPICAL TERM
Topical term or geographic name entry element Church work
650 ## - SUBJECT ADDED ENTRY--TOPICAL TERM
Topical term or geographic name entry element Pastoral theology
942 ## - ADDED ENTRY ELEMENTS (KOHA)
Source of classification or shelving scheme Dewey Decimal Classification
Koha item type Books
Suppress in OPAC No
Holdings
Withdrawn status Lost status Source of classification or shelving scheme Damaged status Not for loan Home library Current Library Shelving location Date acquired Total checkouts Full call number Barcode Date last seen Copy number Price effective from Koha item type
    Dewey Decimal Classification     GRACE BIBLE COLLEGE GRACE BIBLE COLLEGE Ministry & Mission 2025-11-06   253.7 GEO 017199 2025-11-06 c.1 2025-11-06 Books
© Grace Bible College Library 2025